Números Aleatórios em Línguas Europeias - Statistics

Estatísticas Gerais
  • Esse quiz foi jogado 1 630 vezes
  • A pontuação média é 7 de 20
Estatísticas das Respostas
Língua Número Palavra % Correto
Inglês 0 zero
96%
Inglês 7 seven
95%
Inglês 2 two
94%
Inglês 8 eight
90%
Inglês 10 ten
90%
Inglês 6 six
89%
Inglês 3 three
89%
Inglês 1 one
88%
Inglês 17 seventeen
88%
Inglês 4 four
87%
Inglês 9 nine
86%
Inglês 18 eighteen
85%
Inglês 19 nineteen
85%
Inglês 25 twenty five
85%
Espanhol 2 dos
84%
Espanhol 3 tres
84%
Inglês 14 fourteen
83%
Inglês 40 forty
82%
Italiano 3 tre
82%
Inglês 26 twenty six
81%
Inglês 11 eleven
80%
Inglês 70 seventy
80%
Inglês 23 twenty three
80%
Espanhol 1 uno
80%
Inglês 60 sixty
79%
Inglês 30 thirty
79%
Espanhol 5 cinco
78%
Inglês 50 fifty
78%
Italiano 0 zero
78%
Inglês 5 five
77%
Inglês 100 hundred
77%
Inglês 21 twenty one
77%
Italiano 1 uno
77%
Inglês 15 fifteen
76%
Inglês 22 twenty two
76%
Espanhol 7 siete
75%
Inglês 16 sixteen
75%
Inglês 35 thirty five
75%
Inglês 29 twenty nine
74%
Inglês 42 forty two
73%
Inglês 20 twenty
73%
Inglês 47 forty seven
72%
Espanhol 9 nueve
72%
Inglês 27 twenty seven
72%
Francês 1 un
72%
Inglês 45 forty five
71%
Inglês 90 ninety
71%
Inglês 36 thirty six
71%
Espanhol 4 cuatro
70%
Espanhol 8 ocho
70%
Inglês 13 thirteen
70%
Inglês 34 thirty four
70%
Inglês 43 forty three
69%
Inglês 12 twelve
69%
Inglês 49 forty nine
68%
Espanhol 1,000 mil
68%
Inglês 28 twenty eight
67%
Francês 0 zéro
67%
Inglês 31 thirty one
66%
Inglês 33 thirty three
66%
Espanhol 10 diez
65%
Inglês 44 forty four
65%
Espanhol 6 seis
65%
Inglês 10,000 ten thousand
65%
Inglês 32 thirty two
65%
Inglês 1,000 thousand
64%
Inglês 24 twenty four
64%
Inglês 80 eighty
62%
Inglês 48 forty eight
62%
Inglês 37 thirty seven
62%
Inglês 41 forty one
61%
Espanhol 15 quince
59%
Inglês 39 thirty nine
56%
Espanhol 11 once
55%
Italiano 4 quattro
55%
Inglês 46 forty six
54%
Espanhol 100 cien
53%
Espanhol 13 trece
53%
Italiano 7 sette
52%
Francês 3 trois
51%
Espanhol 90 noventa
48%
Inglês 38 thirty eight
46%
Espanhol 43 cuarenta y tres
44%
Italiano 9 nove
44%
Espanhol 40 cuarenta
43%
Espanhol 12 doce
43%
Italiano 6 sei
43%
Francês 6 six
43%
Espanhol 20 veinte
43%
Inglês 1,000,000 million
42%
Espanhol 49 cuarenta y nueve
41%
Espanhol 48 cuarenta y ocho
41%
Inglês 100,000 hundred thousand
40%
Espanhol 80 ochenta
39%
Espanhol 0 cero
38%
Espanhol 44 cuarenta y cuatro
38%
Espanhol 70 setenta
38%
Italiano 1,000 mille
37%
Francês 5 cinq
36%
Espanhol 10,000 diez mil
36%
Francês 100 cent
35%
Espanhol 100,000 cien mil
35%
Espanhol 50 cincuenta
35%
Espanhol 45 cuarenta y cinco
35%
Espanhol 42 cuarenta y dos
35%
Francês 4 quatre
35%
Italiano 8 otto
34%
Espanhol 46 cuarenta y seis
33%
Espanhol 47 cuarenta y siete
33%
Italiano 2 due
33%
Italiano 5 cinque
32%
Espanhol 30 treinta
31%
Francês 12 douze
29%
Francês 11 onze
29%
Espanhol 37 treinta y siete
29%
Francês 20 vingt
29%
Espanhol 14 catorce
28%
Francês 1,000,000 million
28%
Francês 9 neuf
28%
Francês 15 quinze
28%
Francês 2 deux
27%
Francês 7 sept
27%
Francês 70 soixante-dix
27%
Espanhol 34 treinta y cuatro
27%
Espanhol 38 treinta y ocho
27%
Italiano 30 trenta
27%
Francês 1,000 mille
26%
Francês 39 trente-neuf
26%
Italiano 100 cento
25%
Francês 18 dix-huit
25%
Espanhol 60 sesenta
25%
Espanhol 35 treinta y cinco
25%
Italiano 33 trentatré
25%
Francês 50 cinquante
24%
Espanhol 32 treinta y dos
24%
Espanhol 31 treinta y uno
24%
Espanhol 29 veintinueve
24%
Francês 60 soixante
23%
Espanhol 39 treinta y nueve
23%
Francês 29 vingt-neuf
23%
Francês 27 vingt-sept
23%
Francês 90 quatre-vingt dix
22%
Espanhol 41 cuarenta y uno
21%
Espanhol 16 dieciséis
21%
Alemão 3 drei
21%
Alemão 1 eins
21%
Alemão 6 sechs
21%
Espanhol 33 treinta y tres
21%
Espanhol 23 veintitrés
21%
Francês 24 vingt-quatre
21%
Francês 100,000 cent-mille
20%
Espanhol 19 diecinueve
20%
Francês 8 huit
20%
Alemão 0 null
20%
Francês 23 vingt-trois
20%
Alemão 10 zehn
20%
Francês 40 quarante
19%
Francês 30 trente
19%
Alemão 8 acht
18%
Alemão 5 fünf
18%
Espanhol 36 treinta y seis
18%
Francês 31 trente et un
18%
Francês 36 trente-six
18%
Alemão 40 vierzig
18%
Francês 25 vingt-cinq
18%
Alemão 28 achtundzwanzig
17%
Francês 10 dix
17%
Francês 19 dix-neuf
17%
Alemão 9 neun
17%
Francês 46 quarante-six
17%
Italiano 38 trentotto
17%
Italiano 20 venti
17%
Francês 21 vingt et un
17%
Italiano 10 dieci
16%
Alemão 11 elf
16%
Alemão 50 fünfzig
16%
Francês 49 quarante-neuf
16%
Francês 14 quatorze
16%
Alemão 27 siebenundzwanzig
16%
Francês 35 trente-cinq
16%
Francês 32 trente-deux
16%
Francês 33 trente-trois
16%
Francês 22 vingt-deux
16%
Alemão 2 zwei
16%
Italiano 12 dodici
15%
Alemão 13 dreizehn
15%
Alemão 100 hundert
15%
Italiano 40 quaranta
15%
Francês 48 quarante-huit
15%
Francês 44 quarante-quatre
15%
Francês 38 trente-huit
15%
Espanhol 22 veintidós
15%
Espanhol 28 veintiocho
15%
Alemão 80 achtzig
14%
Francês 17 dix-sept
14%
Alemão 15 fünfzehn
14%
Alemão 1,000 tausend
14%
Italiano 13 tredici
14%
Espanhol 26 veintiséis
14%
Espanhol 27 veintisiete
14%
Italiano 24 ventiquattro
14%
Italiano 27 ventisette
14%
Italiano 23 ventitré
14%
Alemão 4 vier
14%
Alemão 14 vierzehn
14%
Francês 26 vingt-six
14%
Alemão 32 zweiunddreißig
14%
Alemão 49 neunundvierzig
13%
Francês 41 quarante et un
13%
Francês 43 quarante-trois
13%
Italiano 41 quarantuno
13%
Francês 80 quatre-vingts
13%
Italiano 70 settanta
13%
Italiano 39 trentanove
13%
Italiano 36 trentasei
13%
Francês 37 trente-sept
13%
Espanhol 24 veinticuatro
13%
Italiano 29 ventinove
13%
Francês 28 vingt-huit
13%
Italiano 50 cinquanta
12%
Espanhol 18 dieciocho
12%
Alemão 25 fünfundzwanzig
12%
Alemão 29 neunundzwanzig
12%
Alemão 90 neunzig
12%
Italiano 48 quarantotto
12%
Italiano 15 quindici
12%
Alemão 26 sechsundzwanzig
12%
Francês 16 seize
12%
Alemão 7 sieben
12%
Italiano 35 trentacinque
12%
Italiano 11 undici
12%
Italiano 21 ventuno
12%
Francês 10,000 dix-mille
11%
Alemão 35 fünfunddreißig
11%
Alemão 45 fünfundvierzig
11%
Italiano 42 quarantadue
11%
Italiano 43 quarantatré
11%
Italiano 14 quattordici
11%
Alemão 36 sechsunddreißig
11%
Italiano 60 sessanta
11%
Francês 34 trente-quatre
11%
Italiano 31 trentuno
11%
Espanhol 21 veintiuno
11%
Alemão 20 zwanzig
11%
Italiano 100,000 centomila
10%
Italiano 17 diciassette
10%
Italiano 18 diciotto
10%
Alemão 30 dreißig
10%
Alemão 41 einundvierzig
10%
Italiano 90 novanta
10%
Italiano 47 quarantasette
10%
Francês 45 quarante-cinq
10%
Francês 13 treize
10%
Italiano 25 venticinque
10%
Italiano 22 ventidue
10%
Alemão 24 vierundzwanzig
10%
Alemão 12 zwölf
10%
Espanhol 17 diecisiete
9%
Alemão 23 dreiundzwanzig
9%
Italiano 45 quarantacinque
9%
Francês 42 quarante-deux
9%
Italiano 26 ventisei
9%
Italiano 28 ventotto
9%
Alemão 42 zweiundvierzig
9%
Alemão 38 achtunddreißig
8%
Italiano 10,000 diecimila
8%
Italiano 49 quarantanove
8%
Italiano 44 quarantaquattro
8%
Alemão 46 sechsundvierzig
8%
Italiano 16 sedici
8%
Alemão 17 siebzehn
8%
Alemão 34 vierunddreißig
8%
Alemão 22 zweiundzwanzig
8%
Alemão 48 achtundvierzig
7%
Alemão 21 einundzwanzig
7%
Alemão 19 neunzehn
7%
Italiano 46 quarantasei
7%
Francês 47 quarante-sept
7%
Italiano 32 trentadue
7%
Italiano 34 trentaquattro
7%
Italiano 37 trentasette
7%
Espanhol 25 veinticinco
7%
Alemão 18 achtzehn
6%
Alemão 1,000,000 eine Million
6%
Alemão 31 einunddreißig
6%
Espanhol 1,000,000 millón
6%
Italiano 80 ottanta
6%
Alemão 16 sechzehn
6%
Alemão 37 siebenunddreißig
6%
Alemão 33 dreiunddreißig
5%
Alemão 60 sechzig
5%
Alemão 70 siebzig
5%
Alemão 43 dreiundvierzig
4%
Alemão 39 neununddreißig
4%
Alemão 47 siebenundvierzig
4%
Alemão 44 vierundvierzig
4%
Alemão 10,000 zehntausend
4%
Italiano 19 diciannove
2%
Alemão 100,000 hunderttausend
2%
Italiano 1,000,000 un milione
2%
Nenhum quiz correspondente encontrado
Distribuição das Pontuações
Porcentagem de Pessoas com Cada Pontuação
Percentil de Números Respondidos
Sua Pontuação Histórica
Você não jogou esse quiz